000 002960000a22001210004500
041 0 _aSPA
082 0 4 _aCD 042
110 1 _aMicrosoft Corporation
245 1 0 _aEncarta : Biblioteca Premium / Microsoft Corporation
505 0 0 _aDisco NÂș 2 / Enciclopedia multimedia
001 1040
942 _cLGB
999 _c48216
_d48216